000 00902nam a22001937a 4500
999 _c62472
_d62472
003 Ge_BSU
005 20241115105826.0
008 241115s1983 ge ||||| |||| 00| 0 geo d
041 _ageo
080 _a612(075.8)ჩ-35
100 _aჩახნაშვილი, შალვა.
_923700
245 _aადამიანის ფიზიოლოგია :
_bსახელმძღვ. ფიზიკური კულტურის ინ-ტის სტუდენტებისათვის /
_cშალვა ჩახნაშვილი.
250 _aმე-2 გადამუშ. და შევს. გამოც
264 _aთბილისი :
_bგანათლება,
_c1983.
300 _a283 გვ. ;
_b 22 სმ.
653 _aადამიანის ფიზიოლოგია
653 _aმედიცინა
942 _2udc
_cBK